000 00564nam a22001457a 4500
020 _a0-7434-1522-1
082 _a823
_bFOR/R
100 _aFORBES,COLLIN
245 _aRHINOCEROS
260 _aUK
_bSIMON & SCHUSTER
300 _a471
520 _aThe latest outing for Britain's finest, clean-cut MI6 agents Tweed, Paula Grey and Bob Newman finds them up against the Elite Club, an organisation bent on causing terror attacks and riots across Europe in order for a right-wing dictatorship to seize control of the EU.
650 _aENGLISH- NOVEL
_zUK
942 _cBK
999 _c3148
_d3148